000 00621nam a22002417a 4500
003 UA-OsUOA
001 124636
007 ta
008 20170821b un ||||| |||| 00| 0 ukr d
100 _aШарварок О.
090 _a821.161.2
_bШ25
942 _cBK
040 _aUA-OsUOA
_bukr
_cUA-OsUOA
_dUA-OsUOA
245 _aТранскрипція часу
300 _a100 с.
955 _a3
041 _aukr
080 _a821.161.2
020 _a966-579-126-5
260 _aК.
_bСвітлиця
_c2005
650 7 _a82 Література. Літературознавство
_2UDC
999 _c411768
_d411768